000
00240 a2200109 4500
001
58689
082
_a
629.13435 GUN
090
_c
36010
_d
36010
100
_a
Gunston
245
_a
Aeroengines, Jane's 2000
260
_a
UM
_b
Janes
_c
2000
942
_a
NUST-CAE
_k
629.13435 GUN
999
_c
293762
_d
293762